| 000 | 00782cam a22002535a 4500 | ||
|---|---|---|---|
| 001 | 18801418 | ||
| 005 | 20201128024004.0 | ||
| 008 | 150922t2016 gw a frb 000 0 eng d | ||
| 020 | _a9783319243801 | ||
| 040 |
_aDLC _beng _cDLC _dDLC _dEG-ScBUE |
||
| 082 | 0 | 4 |
_222 _a332 _bBRA |
| 100 | 1 |
_aBraga, Maria Debora. _932169 |
|
| 245 | 1 | 0 |
_aRisk-based approaches to asset allocation / _cMaria Debora Braga. |
| 260 |
_aCham : _bSpringer, _cc.2016. |
||
| 300 |
_aviii, 99 p. : _bill. ; _c24 cm. |
||
| 490 | 0 | _aSpringer briefs in finance | |
| 504 | _aIncludes bibliographical references. | ||
| 650 | 7 |
_2BUEsh _91321 _aMacroeconomics. |
|
| 650 | 7 |
_2BUEsh _9553 _aManagement. |
|
| 650 | 7 |
_2BUEsh _91509 _aFinance. |
|
| 651 | _2BUEsh | ||
| 653 |
_bCOMSCI _bBUSADM _cNovember2016 |
||
| 942 | _2ddc | ||
| 999 |
_c23149 _d23121 |
||